All Governors of Ohio - Statistics

General Stats
  • This quiz has been taken 11 times
  • The average score is 29 of 70
Answer Stats
Years Served Party Governor % Correct
2019 - Present Republican Mike DeWine
100%
2011 - 2019 Republican John Kasich
88%
2007 - 2011 Democrat Ted Strickland
88%
1963 - 1971 Republican Jim Rhodes
75%
1975 - 1983 Republican Jim Rhodes
75%
1892 - 1896 Republican William McKinley
75%
1906 - 1909 Republican Andrew L. Harris
63%
1999 - 2007 Republican Bob Taft
63%
1921 - 1923 Republican Harry L. Davis
63%
1866 - 1868 Republican Jacob Dolson Cox
63%
1913 - 1915 Democrat James M. Cox
63%
1917 - 1921 Democrat James M. Cox
63%
1971 - 1975 Democrat John J. Gilligan
63%
1939 - 1945 Republican John W. Bricker
63%
1868 - 1872 Republican Rutherford B. Hayes
63%
1876 - 1877 Republican Rutherford B. Hayes
63%
1877 - 1878 Republican Thomas L. Young
63%
1818 - 1822 Democratic Republican Ethan Allen Brown
50%
1991 - 1998 Republican George Voinovich
50%
1957 Republican John William Brown
50%
1836 - 1838 Whig Joseph Vance
50%
1822 Democratic Republican Allen Trimble
38%
1826 - 1830 National Republican Allen Trimble
38%
1896 - 1900 Republican Asa S. Bushnell
38%
1923 - 1929 Democrat A. Victor Donahey
38%
1865 - 1866 Union Charles Anderson
38%
1880 - 1884 Republican Charles Foster
38%
1957 - 1959 Democrat C. William O'Neill
38%
1884 - 1886 Democrat George Hoadly
38%
1931 - 1935 Democrat George White
38%
1890 - 1892 Democrat James E. Campbell
38%
1822 - 1826 Democratic Republican Jeremiah Morrow
38%
1864 - 1865 Union John Brough
38%
1906 Democrat John M. Pattison
38%
1886 - 1890 Republican Joseph B. Foraker
38%
1929 - 1931 Republican Myers Y. Cooper
38%
1904 - 1906 Republican Myron T. Herrick
38%
1998 - 1999 Republican Nancy Hollister
38%
1850 - 1853 Democrat Reuben Wood
38%
1878 - 1880 Democrat Richard M. Bishop
38%
1856 - 1860 Republican Salmon P. Chase
38%
1947 - 1949 Republican Thomas J. Herbert
38%
1814 - 1818 Democratic Republican Thomas Worthington
38%
1862 - 1864 Union David Tod
25%
1983 - 1991 Democrat Dick Celeste
25%
1830 - 1832 National Republican Duncan McArthur
25%
1872 - 1874 Republican Edward Follansbee Noyes
25%
1803 - 1807 Democratic Republican Edward Tiffin
25%
1915 - 1917 Republican Frank B. Willis
25%
1945 - 1947 Democrat Frank Lausche
25%
1949 - 1957 Democrat Frank Lausche
25%
1900 - 1904 Republican George K. Nash
25%
1909 - 1913 Democrat Judson Harmon
25%
1935 - 1939 Democrat Martin L. Davey
25%
1959 - 1963 Democrat Michael DiSalle
25%
1844 - 1846 Whig Mordecai Bartley
25%
1814 Democratic Republican Othniel Looker
25%
1810 - 1814 Democratic Republican Return J. Meigs Jr.
25%
1832 - 1836 Democrat Robert Lucas
25%
1808 - 1810 Democratic Republican Samuel Huntington
25%
1849 - 1850 Whig Seabury Ford
25%
1840 - 1842 Whig Thomas Corwin
25%
1807 - 1808 Democratic Republican Thomas Kirker
25%
1844 Democrat Thomas W. Bartley
25%
1874 - 1876 Democrat William Allen
25%
1846 - 1849 Whig William Bebb
25%
1860 - 1862 Republican William Dennison Jr.
25%
1853 -1856 Democrat William Medill
25%
1838 - 1840 Democrat Wilson Shannon
25%
1842 - 1844 Democrat Wilson Shannon
25%
No matching quizzes found
Score Distribution
Percent of People with Each Score
Percentile by Number Answered
Your Score History
You have not taken this quiz